000 00414nam a22001457a 4500
020 _a1559347384
082 _a302.2 ROT
100 _aRothwell, J. Dan
245 _aIn the Company of Others: An Introduction to Communication
260 _aNew York
_bRothwell
_c2000
300 _axxv,534p
_bill.;25cm
500 _aIncludes Reference, Glossary and Index
650 _aIntroduction to Communication
942 _cBK
999 _c16346
_d16346